Sports Quiz

Random Sports or MLB Quiz

MLB Win Leaders (2000s) Quiz Stats

 Plays Quiz Updated Oct 8, 2019

Score 0/24 Timer 06:00
6 Plays Today
Wins Player % Correct
143Randy Johnson
89.5%
107Roger Clemens
85.1%
139Roy Halladay
81.8%
136CC Sabathia
80.7%
134Greg Maddux
78.7%
112Pedro Martinez
77.9%
117Curt Schilling
77.4%
118Tom Glavine
75.6%
148Andy Pettitte
66.1%
122Johan Santana
65.9%
134Mike Mussina
62.2%
137Roy Oswalt
61.4%
Wins Player % Correct
133Barry Zito
61%
137Tim Hudson
58%
129Livan Hernandez
56.6%
110Tim Wakefield
47.5%
140Jamie Moyer
46%
135Mark Buehrle
41.2%
117Bartolo Colon
36%
130Derek Lowe
35.7%
115Kevin Millwood
20.8%
128Javier Vazquez
18.5%
117Jon Garland
12.3%
115Jeff Suppan
9.5%

You're not logged in!

Compare scores with friends on all Sporcle quizzes.
OR
Log In

Sporcle TV

Today on Sporcle TV


Watch our educational content, quiz creation guides, and fun videos on Sporcle TV.

Show Comments

Extras

Top Quizzes Today


Score Distribution

Your Account Isn't Verified!

In order to create a playlist on Sporcle, you need to verify the email address you used during registration. Go to your Sporcle Settings to finish the process.

Report this User

Report this user for behavior that violates our Community Guidelines.

Details: